[Event "Berlin blindfold sim"]
[Site "Berlin"]
[Date "1999.09.25"]
[Round "1"]
[White "Huebner, Robert"]
[Black "Sprotte, Norbert"]
[Result "1/2-1/2"]
[WhiteElo "2599"]
[BlackElo "2234"]

1.d4 e6 2.c4 Nf6 3.Nf3 Bb4+ 4.Bd2 Qe7 5.g3 Nc6 6.Bg2 Bxd2+ 7.Nbxd2 O-O 8.O-O d6
9.e4 a5 10.e5 dxe5 11.dxe5 Nd7 12.Qe2 a4 13.Nb1 Ra5 14.Nc3 Ndxe5 15.Nb5 Nxf3+
16.Bxf3 Qf6 17.Rad1 Ne5 18.Bg2 c5 19.Rd6 Ra6 20.Rfd1 Rxd6 21.Rxd6 Qf5 22.Nc3 Ng6
23.h4 a3 24.bxa3 Ne5 25.Be4 Qg4 26.Qxg4 Nxg4 27.Na4 Nf6 28.Bf3 Nd7 29.Nc3 Rd8
30.Rd2 Kf8 31.Be2 Ke7 32.f4 b6 33.Kf2 Bb7 34.Rb2 Ra8  1/2-1/2

[Event "Manhattan CC-ch"]
[Site "New York"]
[Date "1999.09.26"]
[Round "4"]
[White "Bonin, Jay R"]
[Black "Grechikhin, Vladimir"]
[Result "1-0"]
[WhiteElo "2411"]
[BlackElo "2181"]

1.d4 Nf6 2.c4 e6 3.Nf3 Bb4+ 4.Bd2 c5 5.Bxb4 cxb4 6.Nbd2 O-O 7.e3 d6 8.Be2 Nc6
9.O-O e5 10.d5 Ne7 11.Ne1 Bf5 12.Qb3 b5 13.Qxb4 bxc4 14.Nxc4 Rb8 15.Qxd6 Qxd6
16.Nxd6 Rxb2 17.Nxf5 Nxf5 18.Bc4 e4 19.Bb3 Rc8 20.Nc2 Rc3 21.Rfc1 h6 22.h3 Rd3
23.Na3 Nd6 24.Rc6 Nfe8 25.Nc4 Nxc4 26.Bxc4 Rdd2 27.Rc8  1-0

[Event "Budapest FS10 IM"]
[Site "Budapest"]
[Date "1999.10.03"]
[Round "2"]
[White "Eperjesi, Laszlo"]
[Black "Jakab, Attila"]
[Result "1-0"]
[WhiteElo "2381"]
[BlackElo "2328"]

1.d4 Nf6 2.Nf3 e6 3.c4 Bb4+ 4.Bd2 c5 5.Bxb4 cxb4 6.a3 bxa3 7.Rxa3 O-O 8.g3 d5
9.Bg2 dxc4 10.Ne5 Nc6 11.Nxc6 bxc6 12.e3 Rb8 13.Qc2 Rb4 14.Nd2 Qb6 15.Nxc4 Qb5
16.b3 Bd7 17.O-O Rb8 18.Nd2 e5 19.dxe5 Qxe5 20.Rxa7 h5 21.Nf3 Qd6 22.Rd1 Bf5
23.Rxd6 Bxc2 24.Nd4 Bxb3 25.Nxc6 R4b6 26.Rxf6 gxf6 27.Nxb8 Rxb8 28.Ra8 Rxa8
29.Bxa8 Kg7 30.Kg2 Kg6 31.Be4+ f5 32.Bf3 Bc4 33.Bd1 Kh6 34.Kf3 Kg5 35.h4+ Kg6
36.Kf4 Bd3 37.Bf3 Bf1 38.Ke5 Bh3 39.Bc6 Bg4 40.Bd7 f6+ 41.Kf4  1-0

[Event "World Cities-ch 2nd"]
[Site "Shenyang"]
[Date "1999.10.04"]
[Round "1"]
[White "Erhembayar, D."]
[Black "Khasin, Alexander"]
[Result "1/2-1/2"]
[WhiteElo "2303"]
[BlackElo "2511"]

1.d4 Nf6 2.c4 e6 3.Nf3 Bb4+ 4.Bd2 Qe7 5.Nc3 O-O 6.a3 Bxc3 7.Bxc3 d6 8.Qc2 Nbd7
9.e4 e5 10.dxe5 Nxe5 11.Nxe5 dxe5 12.Be2 Nd7 13.b4 Qg5 14.O-O Re8 15.c5 Nf8
16.Qd2 Qg6 17.Qe3 Bd7 18.Rfd1 Ba4 19.Rd5 Bc6 20.Rxe5 Rxe5 21.Bxe5 Re8 22.Qg3 Bxe4
23.Bf1 c6 24.Qxg6 Nxg6 25.Bd6 Bd5 26.f3 f6 27.Kf2 Kf7 28.Re1 Rxe1 29.Kxe1 Nh4
30.Kf2 Nf5 31.Bb8 a6 32.Bd3 g6 33.Bxf5 gxf5 34.Ke3 Ke6 35.g3 Bb3 36.Kd4 Bd1
37.f4  1/2-1/2

[Event "World Cities-ch 2nd"]
[Site "Shenyang"]
[Date "1999.10.04"]
[Round "1"]
[White "Relange, Eloi"]
[Black "Watai, Miyoko"]
[Result "1-0"]
[WhiteElo "2452"]
[BlackElo "2039"]

1.d4 Nf6 2.Nf3 e6 3.c4 Bb4+ 4.Bd2 Bxd2+ 5.Qxd2 O-O 6.Nc3 d5 7.e3 b6 8.Rc1 Bb7
9.cxd5 Nxd5 10.Bd3 Nd7 11.e4 Nxc3 12.bxc3 c5 13.O-O Rc8 14.Qe3 Qe7 15.e5 Bxf3
16.Qxf3 Rc7 17.Qe4 g6 18.h4 Rfc8 19.Ba6 Rd8 20.Qf4 Nb8 21.Bb5 Rdc8 22.Rcd1 cxd4
23.cxd4 Rd8 24.h5 Rd5 25.Be2 Ra5 26.Bf3 Rxa2 27.d5 Rd7 28.dxe6 fxe6 29.Bg4 Ra5
30.Rc1 Rad5 31.Rc8+ Rd8 32.Rfc1 Rd7 33.hxg6 hxg6 34.Qh6 Qf7 35.R1c7  1-0

[Event "World Cities-ch 2nd"]
[Site "Shenyang"]
[Date "1999.10.06"]
[Round "4"]
[White "Erhembayar, D."]
[Black "Roktim, Bandyopadhyay"]
[Result "1/2-1/2"]
[WhiteElo "2303"]
[BlackElo "2276"]

1.d4 e6 2.Nf3 Nf6 3.c4 Bb4+ 4.Bd2 Be7 5.Nc3 d5 6.Bg5 O-O 7.e3 h6 8.Bh4 b6
9.cxd5 exd5 10.Bd3 Bb7 11.O-O Nbd7 12.Rc1 c5 13.Bb1 Ne4 14.Bxe7 Qxe7 15.Qd3 c4
16.Qc2 f5 17.Ne2 g5 18.Ng3 Nd6 19.Rfe1 b5 20.a3 a5 21.Nd2 b4 22.axb4 axb4
23.Qd1 Qf7 24.Nf3 Qe7 25.Nd2 Qf7 26.Nf3 Qe7 27.Nd2  1/2-1/2

[Event "Tatry op"]
[Site "Tatranska Lomnica"]
[Date "1999.10.08"]
[Round "7"]
[White "Belunek, Vladimir"]
[Black "Ramik, Zdenek"]
[Result "1/2-1/2"]
[WhiteElo "2233"]
[BlackElo "2304"]

1.d4 e6 2.Nf3 Nf6 3.c4 Bb4+ 4.Bd2 Bxd2+ 5.Qxd2 d6 6.Nc3 O-O 7.e4 Nc6 8.Be2 e5
9.d5 Ne7 10.O-O-O Ng6 11.Ne1 Bd7 12.h4 h5 13.f3 a6 14.Kb1 Qb8 15.Nd3 b5 16.cxb5 axb5
17.Nb4 Qb6 18.g3 Ra5 19.a3 Rfa8 20.Rc1 Be8 21.Nca2 Ne7 22.Bd1 Qb7 23.Re1 Nc8
24.Qc3 R5a7 25.Nc6 Bxc6 26.Qxc6 Ne7 27.Qxb7 Rxb7 28.Nb4 Nd7 29.Re3  1/2-1/2

[Event "AUT2W-chT"]
[Site "Hohenems"]
[Date "1999.10.16"]
[Round "2.1"]
[White "Kostic, Vladimir"]
[Black "Dobosz, Henryk"]
[Result "1/2-1/2"]
[WhiteElo "2392"]
[BlackElo "2376"]

1.d4 Nf6 2.c4 e6 3.Nf3 Bb4+ 4.Bd2 Qe7 5.Qc2 Bxd2+ 6.Nbxd2 d6 7.g3 O-O 8.Bg2 Nc6
9.O-O-O a5 10.h3 Bd7 11.Rhe1 e5  1/2-1/2

[Event "AUT2W-chT"]
[Site "Kufstein"]
[Date "1999.10.16"]
[Round "2.2"]
[White "Jenul, Reinhold"]
[Black "Schmittdiel, Eckhard"]
[Result "0-1"]
[WhiteElo "2170"]
[BlackElo "2512"]

1.d4 Nf6 2.c4 e6 3.Nf3 Bb4+ 4.Bd2 a5 5.Nc3 O-O 6.g3 d5 7.b3 Ne4 8.Nxe4 dxe4
9.Bxb4 axb4 10.Ne5 f6 11.Ng4 Nc6 12.Ne3 Qxd4 13.Qxd4 Nxd4 14.Bg2 Nxb3 15.Rb1 Nd4
16.Bxe4 Rxa2 17.Rxb4 f5 18.Bd3 e5 19.c5 Ra5 20.O-O Rxc5 21.Ra1 b6 22.Ra8 Rc1+
23.Nf1 Bb7 24.Bc4+ Rxc4 25.Rxf8+ Kxf8  0-1

[Event "Wichern op 5th"]
[Site "Hamburg"]
[Date "1999.10.18"]
[Round "5"]
[White "Peterwitz, Klaus"]
[Black "Richter, Thomas"]
[Result "1/2-1/2"]
[WhiteElo "2035"]
[BlackElo "1822"]

1.d4 e6 2.c4 Nf6 3.Nf3 Bb4+ 4.Bd2 Bxd2+ 5.Qxd2 b6 6.Nc3 Bb7 7.e3 d6 8.Be2 Nbd7
9.O-O O-O 10.Rad1 Ne4 11.Nxe4 Bxe4 12.Qc3 Qf6 13.Nd2 Bg6 14.f4 Qe7 15.Bf3 Rab8
16.e4 f5 17.Rfe1 Qh4 18.g3 Qh3 19.Bg2 Qh6 20.exf5 Bxf5 21.Nf3 Nf6 22.d5 Ne4
23.Qd4 Nc5 24.Nh4 g5 25.Nxf5 exf5 26.b4 Na6 27.Re6 Qh5 28.a3 Rf7 29.Rf6 Rbf8
30.Rxf7 Rxf7 31.Re1 gxf4 32.Qxf4 Qg4 33.Re8+ Kg7 34.Qxg4+ fxg4 35.Ra8 Kf6
36.Rxa7 Nb8 37.a4 Ke5 38.a5 bxa5 39.Rxa5 Kd4 40.Bf1 Nd7 41.Ra7 Ne5 42.b5 Nf3+
43.Kg2 Nd2 44.Be2 h5 45.b6 Ke3 46.Rxc7 Rf2+ 47.Kg1 Ne4 48.Bf1 Rb2 49.b7 Ng5
50.Re7+ Kd4 51.Be2 Ne4 52.Rf7 Ng5 53.Rf1 Nh3+ 54.Kh1 Ke3 55.Bd1 Rxb7 56.Ba4 Rb2
57.c5 dxc5 58.d6 Nf2+ 59.Kg1 Nh3+ 60.Kh1 Nf2+ 61.Kg1 Nh3+ 62.Kh1 Nf2+  1/2-1/2

[Event "Marshall Furity op"]
[Site "New York"]
[Date "1999.10.23"]
[Round "7"]
[White "Shapiro, Daniel E"]
[Black "Grechikhin, Vladimir"]
[Result "1/2-1/2"]
[WhiteElo "2280"]
[BlackElo "2181"]

1.d4 Nf6 2.c4 e6 3.Nf3 Bb4+ 4.Bd2 c5 5.Bxb4 cxb4 6.Nbd2 O-O 7.g3 Nc6 8.Bg2 d6
9.O-O e5 10.d5 Ne7 11.e4 Bg4 12.a3 Qb6 13.axb4 Qxb4 14.Qc2 Rfc8 15.Ra4 Qb6
16.Rfa1 Bd7 17.Ra5 Rc5 18.R5a3 Rc7 19.Ne1 a6 20.Nd3 Rac8 21.Rc3 Ng6 22.c5 dxc5
23.Nc4 Qa7 24.Ndxe5 Re8 25.Nxg6 hxg6 26.h3 b5 27.Nd6 Rf8 28.Rca3 c4 29.e5 Qc5
30.exf6 Qxd6 31.Rxa6 Qe5 32.fxg7 Kxg7 33.Qc3 Qxc3 34.bxc3 Rb8 35.d6 Rcc8
36.Bd5 Kf6 37.h4 Rc5 38.Bf3 Ke6 39.Rd1 b4 40.cxb4 Rxb4 41.Re1+ Re5 42.Rc1 Rc5
43.Re1+ Re5 44.Rc1 Rc5  1/2-1/2

[Event "Wch U18"]
[Site "Oropesa del Mar"]
[Date "1999.10.29"]
[Round "6"]
[White "Postny, E."]
[Black "Horvath, Adam"]
[Result "1-0"]
[WhiteElo "2400"]
[BlackElo "2412"]

1.d4 Nf6 2.c4 e6 3.Nf3 Bb4+ 4.Bd2 Qe7 5.g3 Nc6 6.Nc3 Bxc3 7.Bxc3 Ne4 8.Rc1 O-O
9.Bg2 d6 10.O-O f5 11.d5 Nd8 12.dxe6 Nxe6 13.Nd4 N6g5 14.e3 Bd7 15.Qb3 c5
16.Ne2 Bc6 17.f3 Nxc3 18.Rxc3 Kh8 19.Rd3 a6 20.Nc3 b5 21.f4 Ne4 22.Bxe4 fxe4
23.Rd2 Rab8 24.Rfd1 Be8 25.Rxd6 Bh5 26.R1d2 b4 27.Na4 Rbd8 28.Rxd8 Rxd8 29.Qc2 h6
30.Kf2 Rf8 31.Rd5 Bf7 32.Re5 Qd7 33.Nxc5 Qg4 34.Qxe4 Rd8 35.Rd5 Bxd5 36.cxd5 Qd1
37.Nd3 Qc2+ 38.Kg1 Qb1+ 39.Kg2 Qxa2 40.Nxb4 Qxb2+ 41.Kh3 Qf6 42.Nc6 Ra8 43.Ne5 Rd8
44.Qc4 Kh7 45.Qd3+ Kg8 46.e4 a5 47.Qc4 Ra8 48.d6+ Kh7 49.Qd5 Qd8 50.d7 Qg8
51.Qd6 Qf8 52.Qg6+ Kg8 53.Qe6+ Kh7 54.Qg6+ Kg8 55.Qe6+ Kh7 56.Nc6 a4 57.Qd5 Qg8
58.Qf5+ Kh8  1-0

[Event "Wch U16"]
[Site "Oropesa del Mar"]
[Date "1999.10.31"]
[Round "7"]
[White "Raceanu, Valentin"]
[Black "Smerdon, David"]
[Result "1-0"]
[WhiteElo "2293"]
[BlackElo "2173"]

1.d4 e6 2.c4 Nf6 3.Nf3 Bb4+ 4.Bd2 c5 5.e3 Nc6 6.Be2 d6 7.O-O O-O 8.Bxb4 cxb4
9.Nbd2 e5 10.Qc2 Re8 11.Bd3 Bg4 12.dxe5 dxe5 13.Ng5 h6 14.Nge4 Nxe4 15.Bxe4 Qc7
16.Bd5 Rad8 17.Qa4 Re7 18.Nb3 Rd6 19.f3 Be6 20.e4 Bxd5 21.cxd5 Qb6+ 22.Kh1 Nd4
23.Rac1 Nxb3 24.Qxb3 Rdd7 25.Rc4 a5 26.Rfc1 Kh7 27.Rc5 Rc7 28.Qc4 Rxc5 29.Qxc5 Qxc5
30.Rxc5 b6 31.Rc6 Rb7 32.Kg1 g6 33.Kf2 Kg7 34.g3 Kf8 35.f4 exf4 36.gxf4 Ke7
37.Ke3 g5 38.Rxh6 gxf4+ 39.Kxf4 a4 40.h4 b3 41.axb3 axb3 42.h5 b5 43.Rc6 Rb8
44.h6 Rh8 45.e5 b4 46.Ra6 Rc8 47.h7 Rc4+ 48.Kg5 f6+ 49.exf6+ Kf7 50.Ra7+  1-0

[Event "Chigorin mem"]
[Site "St Petersburg"]
[Date "1999.11.02"]
[Round "1"]
[White "Zakharevich, Igor"]
[Black "Sultangareev, Marat"]
[Result "1/2-1/2"]
[WhiteElo "2523"]
[BlackElo "2339"]

1.d4 Nf6 2.c4 e6 3.Nf3 Bb4+ 4.Bd2 Qe7 5.g3 Nc6 6.Nc3 Bxc3 7.Bxc3 Ne4 8.Rc1 O-O
9.Bg2 d6 10.d5 Nb8 11.dxe6 fxe6 12.Bd4 Nc6 13.Be3 Nf6 14.O-O Bd7 15.h3 a5
16.Nd4 a4 17.Nb5 Be8 18.Rc3 Ne5 19.Bf4 Nxc4 20.Nxc7 Qxc7 21.b3 axb3 22.axb3 Bb5
23.bxc4 e5 24.Bg5 Bc6 25.Bxf6 Rxf6 26.Bd5+ Kh8 27.Qd2 Raf8 28.Bxc6 bxc6 29.Qe3 h6
30.Kg2 Qf7 31.f3 d5 32.cxd5 cxd5 33.Rc2 e4 34.Rd2  1/2-1/2

[Event "Chigorin mem"]
[Site "St Petersburg"]
[Date "1999.11.02"]
[Round "1"]
[White "Riazantsev, Alexander"]
[Black "Aleksandrov, Danila"]
[Result "1-0"]
[WhiteElo "2417"]
[BlackElo "2216"]

1.d4 Nf6 2.c4 e6 3.Nf3 Bb4+ 4.Bd2 Qe7 5.g3 Ne4 6.Bg2 O-O 7.O-O Nxd2 8.Nbxd2 Bxd2
9.Qxd2 d6 10.Qc3 Nc6 11.Rac1 a5 12.b3 e5 13.d5 Nd8 14.c5 b6 15.cxb6 cxb6
16.Qe3 Nb7 17.Rc6 Nc5 18.Rxb6 Qd8 19.Rc6 Bb7 20.Rxc5 dxc5 21.Nxe5 Re8 22.Qf4 Qe7
23.Nc4 Qxe2 24.Nd6 Re7 25.Nxb7 Rxb7 26.d6 Rb4 27.Qg5 Rf8 28.Qxc5 Qd2 29.Bc6 Qd4
30.Rc1 Qf6 31.d7 Rd4 32.Ba4 Rd2 33.Qxf8+  1-0

[Event "Wch U18 Girls"]
[Site "Oropesa del Mar"]
[Date "1999.11.04"]
[Round "10"]
[White "Javakhishvili, Lela"]
[Black "Ovod, Evgenija"]
[Result "1/2-1/2"]
[WhiteElo "2181"]
[BlackElo "2303"]

1.d4 Nf6 2.Nf3 e6 3.c4 Bb4+ 4.Bd2 Qe7 5.g3 Nc6 6.Bg2 Bxd2+ 7.Nbxd2 d6 8.O-O a5
9.e4 e5 10.d5 Nb8 11.Ne1 Nbd7 12.b3 O-O 13.a3 Rb8 14.Qe2 b6 15.b4 Ba6 16.Nd3 b5
17.Rfc1 bxc4 18.Nxc4 Bxc4 19.Rxc4 Nb6 20.Rc6 a4 21.Nb2 Ne8 22.Nd1 g6 23.Rac1 f5
24.exf5 gxf5 25.f4 Qg7 26.Qf2 Rd8 27.Ne3 Rd7 28.Rf1 Re7 29.Bh3 Ref7 30.Kh1 Kh8
31.Qc2 Qh6 32.Bg2 e4 33.Rd1 Rg7 34.Kg1 Qg6 35.Kh1 Qh5 36.Kg1 Rf6 37.Bf1 Rh6
38.Qe2 Qf7 39.Rc2 Rf6 40.Qe1 Rg8 41.Rdc1 Nxd5 42.Bc4 c6 43.Qf2 Qb7 44.Nxd5 cxd5
45.Ba2 Rfg6 46.Rc6 Qg7 47.Bxd5 Rf8 48.Ba2  1/2-1/2

[Event "ESP-chT Div 1"]
[Site "Cala Galdana"]
[Date "1999.11.09"]
[Round "2"]
[White "Izeta Txabarri, Felix"]
[Black "Granero Roca, Antonio"]
[Result "1-0"]
[WhiteElo "2505"]
[BlackElo "2388"]

1.d4 Nf6 2.Nf3 e6 3.c4 Bb4+ 4.Bd2 a5 5.Nc3 b6 6.g3 Bb7 7.Bg2 O-O 8.O-O d6
9.d5 e5 10.Nh4 Na6 11.a3 Bxc3 12.Bxc3 Nc5 13.b4 axb4 14.axb4 Rxa1 15.Bxa1 Ncd7
16.Nf5 Re8 17.e4 Nf8 18.Qc2 Qd7 19.f4 Ng6 20.c5 bxc5 21.bxc5 Ba6 22.Rc1 Rb8
23.fxe5 dxe5 24.c6 Qe8 25.d6 Qe6 26.Qa4 Bd3 27.d7 Ne7 28.Qa7 Nxd7 29.cxd7 Rd8
30.Qxc7  1-0

[Event "Chigorin mem"]
[Site "St Petersburg"]
[Date "1999.11.09"]
[Round "8"]
[White "Sultangareev, Marat"]
[Black "Aleksandrov, Danila"]
[Result "1-0"]
[WhiteElo "2339"]
[BlackElo "2216"]

1.d4 Nf6 2.c4 e6 3.Nf3 Bb4+ 4.Bd2 Qe7 5.g3 Nc6 6.Nc3 Bxc3 7.Bxc3 Ne4 8.Rc1 O-O
9.Bg2 d6 10.d5 Nd8 11.O-O e5 12.Nd2 Nxc3 13.Rxc3 a5 14.c5 b6 15.cxd6 cxd6
16.Qc2 Ba6 17.Rc7 Qf6 18.Rc1 Qh6 19.Nc4 Rb8 20.Ne3 Nb7 21.a3 Qf6 22.b4 g6
23.Bh3 e4 24.Ng4 Qg5 25.Qb2 axb4 26.Nf6+ Kh8 27.Nd7+ f6 28.Nxf8 Rxf8 29.axb4 Nd8
30.Be6 e3 31.f4 Qh5 32.b5 Bb7 33.Rxb7  1-0

[Event "ch-ESP (team) Div 2"]
[Site "Cala Galdana ESP"]
[Date "1999.11.12"]
[Round "5"]
[White "Lopez Martinez,J"]
[Black "Garcia Carbo,M"]
[Result "1-0"]
[WhiteElo "2378"]
[BlackElo "2344"]

1.d4 Nf6 2.c4 e6 3.Nf3 Bb4+ 4.Bd2 a5 5.g3 d6 6.Bg2 Nbd7 7.O-O e5 8.Bg5 exd4
9.Nxd4 h6 10.Bf4 O-O 11.Nb5 Re8 12.N1c3 Ne5 13.Bxe5 Rxe5 14.a3 Bc5 15.e3 Bg4
16.Qd2 c6 17.Nd4 Qd7 18.Rfe1 Rae8 19.Nb3 Ba7 20.Nc1 Bh3 21.Nd3 R5e7 22.Bxh3 Qxh3
23.Nf4 Qf5 24.Qd3 Qe5 25.Rad1 g5 26.Nfe2 Ng4 27.Nd4 Qf6 28.Rf1 Ne5 29.Qf5 Qg6
30.Ne4 Kg7 31.Qxg6+ fxg6 32.Nxd6 Rd8 33.N4f5+ gxf5 34.Nxf5+ Kf6 35.Nxe7 Kxe7
36.Rxd8 Kxd8 37.Rc1 Ke7 38.Kf1 g4 39.Ke2 a4 40.c5 Ke6 41.h3 h5 42.hxg4 hxg4
43.e4 Nd7 44.Rc4 Nxc5 45.e5 Kf5 46.Rf4+ Kg5 47.Rf7 Bb8 48.e6 Kg6 49.Rh7 Nxe6
50.Rxb7 Be5 51.Rb4 Kf5 52.Rxa4 Bxb2 53.Ra8 c5 54.a4 c4 55.Rc8 Nd4+ 56.Ke3 Nc2+
57.Kd2 Na3 58.a5 Bd4 59.a6 Ke4 60.Re8+ Kf3 61.Rf8+ Kg2 62.Rf4 c3+ 63.Kc1 Ba7
64.Rf7 Nb5 65.Rb7 Bxf2 66.Rxb5 Kxg3 67.Kc2 Kg2 68.Kxc3 g3 69.Kd2 Kh3 70.Ke2 Bd4
71.Kf3  1-0

[Event "ESP-chT Div 1"]
[Site "Cala Galdana"]
[Date "1999.11.13"]
[Round "6"]
[White "Gomez Esteban, Juan Mario"]
[Black "Izeta Txabarri, Felix"]
[Result "1-0"]
[WhiteElo "2476"]
[BlackElo "2505"]

1.d4 Nf6 2.c4 e6 3.Nf3 Bb4+ 4.Bd2 c5 5.Bxb4 cxb4 6.g3 b6 7.Bg2 Bb7 8.O-O O-O
9.Qd3 d6 10.Nbd2 Nc6 11.e4 e5 12.Rfe1 Re8 13.Nf1 Qc7 14.b3 Rad8 15.Rad1 Qb8
16.Qc2 a5 17.Ne3 h6 18.h3 Ba6 19.Kh2 Bb7 20.Nd5 Nxd5 21.exd5 Nxd4 22.Nxd4 exd4
23.Qd2 Bc8 24.Qxd4 Bf5 25.Be4 Bxe4 26.Rxe4 Rxe4 27.Qxe4 Re8 28.Qf4 Qd8 29.Qd4 Qc7
30.Rd3 Qc5 31.Qf4 Re2 32.Rf3 f6 33.Kg2 b5 34.Qg4 bxc4 35.bxc4 Rc2 36.Qe6+ Kf8
37.Re3  1-0

[Event "Kuban 99"]
[Site "Krasnodar RUS"]
[Date "1999.11.15"]
[Round "3"]
[White "Sorokin,M"]
[Black "Moiseenko,A"]
[Result "1/2-1/2"]
[WhiteElo "2574"]
[BlackElo "2501"]

1.d4 Nf6 2.Nf3 e6 3.c4 Bb4+ 4.Bd2 Qe7 5.g3 O-O 6.Bg2 Bxd2+ 7.Qxd2 d6 8.Nc3 e5
9.O-O Bg4 10.d5 a5 11.Ne1 Na6 12.Nd3 e4 13.Ne1 Nc5 14.Nc2 Bh5 15.Rae1 Rfe8
16.f4  1/2-1/2

[Event "World Seniors"]
[Site "Gladenbach GER"]
[Date "1999.11.18"]
[Round "9"]
[White "Fronczek,H"]
[Black "Taimanov,M"]
[Result "1-0"]
[WhiteElo "2304"]
[BlackElo "2407"]

1.d4 Nf6 2.Nf3 e6 3.c4 Bb4+ 4.Bd2 a5 5.Nc3 d6 6.Qc2 O-O 7.e4 Nc6 8.a3 Bxc3
9.Bxc3 Re8 10.e5 dxe5 11.dxe5 Nd7 12.O-O-O Qe7 13.h4 Nf8 14.Bd3 Bd7 15.Rh3 a4
16.Ng5 h6 17.Ne4 Red8 18.h5 Be8 19.Qe2 Nd4 20.Qg4 Nh7 21.Bxd4 Rxd4 22.Nf6+ Qxf6
23.Bxh7+ Kxh7 24.Qxd4 Qg5+ 25.Qe3 Bc6 26.Qxg5 hxg5 27.g4 Ra5 28.Re1 Rc5 29.Rc3 b6
30.Kc2 Bb7 31.b4 axb3+ 32.Kxb3 g6 33.hxg6+ Kxg6 34.Kb4 Kg7 35.Rd3 Ba6 36.Rd4 Bb7
37.f4 Ra5 38.Kb3 c5 39.Rd7 Bc6 40.Rc7 Ba4+ 41.Kb2 gxf4 42.Rf1 Be8 43.Rxf4 Ra8
44.Rf6 b5 45.cxb5 Ra5 46.Rxc5 Ra4 47.g5  1-0

[Event "Extraliga CZE"]
[Site "Ostrava CZE"]
[Date "1999.11.20"]
[Round "3"]
[White "Korobov,A"]
[Black "Chloupek,S"]
[Result "1-0"]
[WhiteElo "2336"]
[BlackElo "2344"]

1.d4 Nf6 2.c4 e6 3.Nf3 Bb4+ 4.Bd2 Qe7 5.g3 Nc6 6.Bg2 Bxd2+ 7.Nbxd2 d6 8.O-O O-O
9.e4 e5 10.d5 Nb8 11.Ne1 a5 12.Nd3 Na6 13.f4 Nc5 14.Nxc5 dxc5 15.Qc2 Nd7
16.Rae1 Ra6 17.Qc3 Re8 18.Nf3 f6 19.Re2 a4 20.Ne1 Nf8 21.Nd3 Ng6 22.f5 Nh8
23.h4 Bd7 24.Bf3 Rb8 25.g4 Nf7 26.Rg2 b5 27.cxb5 Bxb5 28.Rc1 Bxd3 29.Qxd3 Ra5
30.Qe3 Rb4 31.g5 Kh8 32.Kh1 Rb8 33.Rcg1 Raa8 34.g6 Nh6 35.gxh7 Kxh7 36.Rxg7+ Qxg7
37.Rxg7+ Kxg7 38.Qxc5 Rg8 39.Bh5 Raf8 40.Qe7+ Nf7 41.Bg6 Rh8 42.h5  1-0

[Event "Kuban 99"]
[Site "Krasnodar RUS"]
[Date "1999.11.21"]
[Round "9"]
[White "Malaniuk,V"]
[Black "Moiseenko,A"]
[Result "1-0"]
[WhiteElo "2525"]
[BlackElo "2501"]

1.d4 Nf6 2.Nf3 e6 3.c4 Bb4+ 4.Bd2 Qe7 5.g3 O-O 6.Bg2 Bxd2+ 7.Qxd2 d6 8.Nc3 e5
9.O-O Bg4 10.Ne1 Nc6 11.d5 Nb8 12.e4 c6 13.Nd3 cxd5 14.cxd5 Na6 15.b4 Rfc8
16.Rfc1 Bd7 17.f3 Qd8 18.Qe3 h6 19.Bf1 Ne8 20.a3 f5 21.f4 exf4 22.Nxf4 Nf6
23.Ne6 Bxe6 24.dxe6 fxe4 25.Nxe4 Nc7 26.Nxf6+ Qxf6 27.e7 Re8 28.Re1 d5 29.Rac1 Qd6
30.Qc5 Qxc5+ 31.Rxc5 Na6 32.Rxd5 Rec8 33.Bh3 Rcb8 34.Be6+ Kh7 35.Rd7  1-0

[Event "Eu Team Ch"]
[Site "Batumi GEO"]
[Date "1999.11.30"]
[Round "2"]
[White "Butnorius,A"]
[Black "Grant,J"]
[Result "1-0"]
[WhiteElo "2456"]
[BlackElo "2260"]

1.d4 Nf6 2.c4 e6 3.Nf3 Bb4+ 4.Bd2 Qe7 5.g3 Nc6 6.Bg2 Bxd2+ 7.Nbxd2 d6 8.O-O O-O
9.e4 e5 10.d5 Nb8 11.b4 a5 12.a3 Na6 13.Qb3 Bg4 14.Rfc1 Bxf3 15.Bxf3 c6 16.Nf1 Rfc8
17.Ne3 g6 18.Bg2 Qd8 19.c5 cxd5 20.exd5 axb4 21.cxd6 bxa3 22.Qxa3 Nd7 23.Nc4 Nac5
24.Qe3 f6 25.Bh3 b5 26.Bxd7 Nxd7 27.Rxa8 Rxa8 28.Nd2 f5 29.Rc7 b4 30.Qb3 Rc8
31.Nc4  1-0

[Event "Eu Team Ch"]
[Site "Batumi GEO"]
[Date "1999.12.05"]
[Round "6"]
[White "Dydyshko,V"]
[Black "Izeta,F"]
[Result "1/2-1/2"]
[WhiteElo "2521"]
[BlackElo "2505"]

1.d4 Nf6 2.c4 e6 3.Nf3 Bb4+ 4.Bd2 c5 5.Bxb4 cxb4 6.g3 b6 7.Bg2 Bb7 8.a3 bxa3
9.Rxa3 O-O 10.O-O Qc7 11.Nbd2 a5 12.Qb1 d6 13.b4 axb4 14.Rxa8 Bxa8 15.Qxb4 Nbd7
16.Ra1 h6 17.Nb1 Rc8 18.Na3 Bc6 19.Rc1 e5 20.e3 Bxf3 21.Bxf3 exd4 22.exd4 d5
23.Nb5 Qd8 24.Rc3 Rxc4 25.Rxc4 dxc4 26.Qxc4 h5 27.h4 g6 28.Kg2 Kg7 29.Qb4 Qf8
30.Qe1 Qe8 31.Qxe8 Nxe8 32.Bc6 Nef6 33.Kf3 Kf8 34.Kf4 Ke7 35.f3 Ne8 36.g4 Ndf6
37.Kg5 Nh7+ 38.Kh6 Nhf6 39.Kg5 Nh7+ 40.Kf4 Nhf6 41.Kg5  1/2-1/2

[Event "Eu Team Ch"]
[Site "Batumi GEO"]
[Date "1999.12.05"]
[Round "6"]
[White "Sammalvuo,T"]
[Black "Giorgadze,G"]
[Result "0-1"]
[WhiteElo "2393"]
[BlackElo "2602"]

1.d4 Nf6 2.c4 e6 3.Nf3 Bb4+ 4.Bd2 a5 5.g3 d5 6.Qc2 Nc6 7.Bg2 Ne4 8.a3 Be7
9.O-O O-O 10.Bc1 a4 11.Nc3 Nxc3 12.Qxc3 Na5 13.cxd5 Nb3 14.Rb1 exd5 15.Bf4 Bf5
16.Rbd1 c6 17.Nd2 Qb6 18.Nxb3 axb3 19.Rde1 Bf6 20.e3 Ra4 21.Rc1 Rd8 22.h4 h6
23.Rfe1 Bc2 24.Bf1 g5 25.hxg5 hxg5 26.Be5 Bxe5 27.dxe5 Qa5 28.Rxc2 bxc2 29.Qxc2 Re4
30.Rd1 Rxe5 31.f4 Rxe3 32.Qf5 Rxg3+ 33.Kh2 gxf4 34.Bd3 Rg7 35.b4 Qxa3 36.Re1 Qb2+  0-1

[Event "Open"]
[Site "Las Palmas ESP"]
[Date "1999.12.05"]
[Round "5"]
[White "Roeder,M"]
[Black "Garcia Ilundain,D"]
[Result "1/2-1/2"]
[WhiteElo "2426"]
[BlackElo "2510"]

1.d4 Nf6 2.c4 e6 3.Nf3 Bb4+ 4.Bd2 a5 5.Nc3 b6 6.Bg5 d6 7.e3 h6 8.Bh4 g5 9.Bg3 Ne4
10.Qc2 Bb7 11.Bd3 f5 12.d5 Bxc3+ 13.bxc3 exd5 14.cxd5 Bxd5 15.Nd4 Qf6 16.O-O Nd7
17.Nxf5 Ndc5 18.f3 Nxg3 19.hxg3 O-O-O 20.e4 Bb7 21.Rfe1 Kb8 22.Bc4 h5  1/2-1/2

[Event "Eu Team Ch (women)"]
[Site "Batumi GEO"]
[Date "1999.12.06"]
[Round "7"]
[White "Saljova,S"]
[Black "Demina,J"]
[Result "0-1"]
[WhiteElo "2180"]
[BlackElo "2377"]

1.d4 Nf6 2.Nf3 e6 3.c4 Bb4+ 4.Bd2 Qe7 5.g3 Nc6 6.Bg2 Bxd2+ 7.Nbxd2 a5 8.O-O d6
9.e4 e5 10.d5 Nb8 11.Ne1 h5 12.h4 Bd7 13.Qe2 Na6 14.Nd3 O-O 15.Rac1 b6 16.Rfe1 g6
17.Qe3 Ng4 18.Qg5 Qe8 19.Nf1 f6 20.Qd2 Kg7 21.b3 Qe7 22.Bh3 Nh6 23.Bxd7 Qxd7
24.Kg2 Nc5 25.Nh2 Nxd3 26.Qxd3 f5 27.Nf3 Nf7 28.exf5 gxf5 29.Nh2 Rg8 30.a3 Kh6
31.Kh1 Rg6 32.Qd2+ Kg7 33.Qe2 Rh8 34.Qe3 Nh6 35.b4 axb4 36.axb4 Ng4 37.Qe2 f4
38.Nf3 Rf8 39.Kg2 Qa4 40.Ra1 Qd7 41.Rad1 Ne3+ 42.fxe3 Rxg3+ 43.Kf2 Qg4 44.e4 Rg2+
45.Kf1 Rxe2  0-1

[Event "Eu Team Ch (women)"]
[Site "Batumi GEO"]
[Date "1999.12.07"]
[Round "9"]
[White "Krupkova,P"]
[Black "Milligan,H"]
[Result "1/2-1/2"]
[WhiteElo "2334"]
[BlackElo "2138"]

1.d4 Nf6 2.Nf3 e6 3.c4 Bb4+ 4.Bd2 Qe7 5.Nc3 Bxc3 6.Bxc3 Ne4 7.Qc2 f5 8.g3 b6
9.Bg2 Nxc3 10.Qxc3 Bb7 11.Rc1 Be4 12.c5 Nc6 13.O-O O-O 14.Ne5 Bxg2  1/2-1/2

[Event "FSIMB December"]
[Site "Budapest HUN"]
[Date "1999.12.08"]
[Round "5"]
[White "Eperjesi,L"]
[Black "Jakab,A"]
[Result "1/2-1/2"]
[WhiteElo "2381"]
[BlackElo "2328"]

1.d4 Nf6 2.Nf3 e6 3.c4 Bb4+ 4.Bd2 Qe7 5.g3 Nc6 6.Nc3 Bxc3 7.Bxc3 Ne4 8.Rc1 d6
9.Bg2 O-O 10.O-O Nxc3 11.Rxc3 e5 12.d5 Nb8 13.b4 a5 14.Ra3 Bg4 15.Nd2 Nd7
16.bxa5 f5 17.Nb3 Ra6 18.Qd2 b6 19.f3 Bh5 20.Qd3 Bg6 21.c5 Rfa8 22.cxb6 cxb6
23.Rc1 bxa5 24.Bh3 a4 25.e4 fxe4 26.fxe4 Nf6 27.Nd2 Qa7+ 28.Kg2 Rb6 29.Be6+ Kh8
30.Rc4 h6 31.Kh3 Rb2 32.Qc3 Rab8 33.Rc8+ Kh7 34.Rxb8 Qxb8 35.Rxa4 Qb5 36.Qc4 Qb6
37.Qc3 Qb5 38.Qc4 Qb6 39.Qc3 Qb5  1/2-1/2

[Event "Vikings Challengers"]
[Site "York ENG"]
[Date "1999.12.13"]
[Round "1"]
[White "Paschall,W"]
[Black "Seul,G"]
[Result "1/2-1/2"]
[WhiteElo "2332"]
[BlackElo "2445"]

1.d4 Nf6 2.c4 e6 3.Nf3 Bb4+ 4.Bd2 Qe7 5.Nc3 O-O 6.g3 d5 7.cxd5 exd5 8.Bg2 Re8
9.O-O c6 10.Re1 Ne4 11.Nxe4 dxe4 12.Ne5 Bxd2 13.Qxd2 Nd7 14.Nxd7  1/2-1/2

[Event "7th Solana It 2nd event"]
[Site "Solin CRO"]
[Date "1999.12.15"]
[Round "3"]
[White "Tkachiev,V"]
[Black "Kurajica,B"]
[Result "1-0"]
[WhiteElo "2648"]
[BlackElo "2541"]

1.d4 Nf6 2.c4 e6 3.Nf3 Bb4+ 4.Bd2 Bxd2+ 5.Qxd2 c6 6.g3 d5 7.Qc2 Qa5+ 8.Nbd2 dxc4
9.Qxc4 Nbd7 10.Bg2 O-O 11.O-O Re8 12.Qc2 Qc7 13.Nc4 b6 14.Rac1 Bb7 15.e4 b5
16.Ncd2 e5 17.dxe5 Nxe5 18.Nxe5 Qxe5 19.Nb3 Nxe4 20.Na5 Rab8 21.Rfe1 f5 22.Nxb7 Rxb7
23.Qxc6 Rbe7 24.Re2 g6 25.Bxe4 fxe4 26.Rc5 Qd4 27.Qxb5 e3 28.Qc4+ Qxc4 29.Rxc4 exf2+
30.Rxf2 Re1+ 31.Kg2 R8e7 32.h4 Kg7 33.b3 R1e3 34.Rfc2 Kh6 35.Kf2 Rd3 36.R4c3 Rf7+
37.Kg2 Rd1 38.Re3 Rff1 39.Rf2 Rh1 40.Kf3 Rd7 41.Rfe2 Rf1+ 42.Kg2 Rfd1 43.Kh3 Rh1+
44.Kg4 Rd4+ 45.Re4 Rd3 46.R2e3 Rd2 47.Ra4 Rd7 48.Rae4 Rh2 49.Re2 Rh1 50.Re7 Rhd1
51.Rxd7 Rxd7 52.Re6 Kg7 53.Ra6 Rc7 54.a3 Rd7 55.b4 Rc7 56.b5 Rd7 57.a4 Rc7
58.h5 Kh6 59.hxg6 hxg6 60.Rc6 Re7 61.Kh4  1-0